LEADER 00743oam 2200205z- 450 001 9910135074303321 010 $a1-4799-4430-0 035 $a(CKB)3780000000082179 035 $a(EXLCZ)993780000000082179 100 $a20220628c2014uuuu -u- - 101 0 $aeng 200 00$aObject/Component/Service-Oriented Real-Time Distributed Computing (ISORC), 2014 IEEE 17th International Symposium on 210 $cIEEE 311 $a1-4799-4429-7 517 $a2014 IEEE 17th International Symposium on Object/Component/Service-Oriented Real-Time Distributed Computing 517 $aObject/Component/Service-Oriented Real-Time Distributed Computing 906 $aPROCEEDING 912 $a9910135074303321 996 $aObject$92279861 997 $aUNINA